Eastern promise (Record no. 72176)

MARC details
000 -LEADER
fixed length control field 00919cam a2200217 4500
001 - CONTROL NUMBER
control field ABS66421
008 - FIXED-LENGTH DATA ELEMENTS--GENERAL INFORMATION
fixed length control field 030227n2003 000 0 eng u
035 ## - SYSTEM CONTROL NUMBER
System control number (Sirsi) u121455
100 ## - MAIN ENTRY--PERSONAL NAME
Personal name Gibson, S.
245 ## - TITLE STATEMENT
Title Eastern promise
260 ## - PUBLICATION, DISTRIBUTION, ETC.
Date of publication, distribution, etc. 2003
490 ## - SERIES STATEMENT
Series statement Inside Housing
Volume/sequential designation 31 January 2003, 21-23(3)
520 ## - SUMMARY, ETC.
Summary, etc. Provides a guided tour of the Thames Gateway, one of the country's most important development areas. Lists the principal regeneration partners including the Thames Gateway Strategic Partnership chaired by Lord Rooker. Gives details of the five strategic development areas and what is planned for each. Concludes with an overview of what will make the Thames Gateway succeed.
590 ## - LOCAL NOTE (RLIN)
Local note ABS
650 ## - SUBJECT ADDED ENTRY--TOPICAL TERM
Topical term or geographic name entry element THAMES GATEWAY
650 ## - SUBJECT ADDED ENTRY--TOPICAL TERM
Topical term or geographic name entry element NEW COMMUNITIES
650 ## - SUBJECT ADDED ENTRY--TOPICAL TERM
Topical term or geographic name entry element TRANSPORT INFRASTRUCTURE
650 ## - SUBJECT ADDED ENTRY--TOPICAL TERM
Topical term or geographic name entry element SUSTAINABLE COMMUNITIES
690 ## - LOCAL SUBJECT ADDED ENTRY--TOPICAL TERM (OCLC, RLIN)
Topical term or geographic name as entry element PROPERTY-PROPERTY DEVELOPMENT
942 ## - ADDED ENTRY ELEMENTS (KOHA)
Suppress in OPAC 0
Holdings
Withdrawn status Lost status Source of classification or shelving scheme Damaged status Not for loan Home library Current library Shelving location Date acquired Total Checkouts Full call number Barcode Date last seen Copy number Price effective from Koha item type
    Dewey Decimal Classification     London London Journal article 27/02/2003   ABS66421 121455-1001 06/08/2019 1 06/08/2019 Journal article